| 000 | 00752nam a22002657a 4500 | ||
|---|---|---|---|
| 001 | 3984 | ||
| 003 | FISKH | ||
| 005 | 20240529105142.0 | ||
| 008 | 240529b cb ||||| |||| 00| 0 eng d | ||
| 020 | _a9780440445456 | ||
| 040 |
_aFISKH _beng _cFISKH _dFISKH |
||
| 050 | _aPZ7.R5949 | ||
| 082 | _a813.54 | ||
| 100 |
_aRockwell Thomas _d1933- |
||
| 245 |
_aHow to eat fried worms / _cThomas Rockwell |
||
| 260 |
_aNew York : _bA yearling Book, _c1988 |
||
| 300 |
_a112 pages : _billustrations, _c20 cm |
||
| 505 | _aM | ||
| 520 | _aTwo boys set out to prove that worms can make a delicious meal. | ||
| 521 | 8 |
_a560
_bLexile |
|
| 521 | 8 |
_aM
_bRaz-Plus |
|
| 700 | _aThomas Rockwell | ||
| 942 |
_2ddc _cBK _n0 |
||
| 999 |
_c3984 _d3984 |
||